00721cam a22002291 4500001001300000003000400013005001700017008004100034010001700075035002000092040001700112042001200129050001400141051001300155245007800168260004700246300001900293490008600312500001700398500006100415650001500476e 13001289 DLC20260227111200.0871216s1913 ncu s000 0 eng  ae 13001289  a(OCoLC)17248170 aDLCcAUdDLC apremarc00aLB7b.A22 aLB7b.A400aAddresses on education for use in declaiming, essay writing, and reading. aChapel Hill, N.C.,bThe University,c1913. a120 p.c23 cm.0 aUniversity of North Carolina record, April, 1913,vno. 108. Extension ser. no. 2 aCover title. a"Ed. by Professors L. R. Wilson and H. W. Chase."--p. 6. 0aEducation.